Normal view MARC view
  • Helms, Harry L

Entry Personal Name

Number of records used in: 5

001 - CONTROL NUMBER

  • control field: 104005

003 - CONTROL NUMBER IDENTIFIER

  • control field: NUST

005 - DATE AND TIME OF LATEST TRANSACTION

  • control field: 20221202115924.0

008 - FIXED-LENGTH DATA ELEMENTS

  • fixed length control field: 221202|| aca||aabn | a|a d

040 ## - CATALOGING SOURCE

  • Original cataloging agency: NUST
  • Transcribing agency: NUST

100 ## - HEADING--PERSONAL NAME

  • Personal name: Helms, Harry L

670 ## - SOURCE DATA FOUND

  • Source citation: Work cat.: (NUST)182384: Helms, Harry L., Contemporary electronics circuits deskbook /, c1986.
© 2023 Central Library, National University of Sciences and Technology. All Rights Reserved.